<?xml version="1.0" encoding="UTF-8"?>
<collection xmlns="http://www.loc.gov/MARC21/slim">
 <record>
  <leader>02480nab a2200229 i 4500</leader>
  <controlfield tag="001">acta55191</controlfield>
  <controlfield tag="005">20240326133836.0</controlfield>
  <controlfield tag="008">180614s2012    hu      o     0||   eng d</controlfield>
  <datafield tag="022" ind1=" " ind2=" ">
   <subfield code="a">2063-4803</subfield>
  </datafield>
  <datafield tag="040" ind1=" " ind2=" ">
   <subfield code="a">SZTE Egyetemi Kiadványok Repozitórium</subfield>
   <subfield code="b">hun</subfield>
  </datafield>
  <datafield tag="041" ind1=" " ind2=" ">
   <subfield code="a">eng</subfield>
  </datafield>
  <datafield tag="100" ind1="1" ind2=" ">
   <subfield code="a">Gheoca Voichita</subfield>
  </datafield>
  <datafield tag="245" ind1="1" ind2="0">
   <subfield code="a">Heliciculture as a tool for rural development in Southern Transylvania</subfield>
   <subfield code="h">[elektronikus dokumentum] /</subfield>
   <subfield code="c"> Gheoca Voichita</subfield>
  </datafield>
  <datafield tag="260" ind1=" " ind2=" ">
   <subfield code="c">2012</subfield>
  </datafield>
  <datafield tag="300" ind1=" " ind2=" ">
   <subfield code="a">249-254</subfield>
  </datafield>
  <datafield tag="490" ind1="0" ind2=" ">
   <subfield code="a">Review on agriculture and rural development</subfield>
   <subfield code="v">1 No. 1</subfield>
  </datafield>
  <datafield tag="520" ind1="3" ind2=" ">
   <subfield code="a">In Romania there is no tradition as regards the consumption of snails. After several decades of land snails populations’ exploitation for international trade, in the last decade the farming of edible snails has evolved in Romania. The expansion of this practice was encouraged by the SAPARD Program and several foreign companies, promising a quick and easily obtained benefit. About 650 snail farms were established in Romania between the years 2004-2008, most of them using the Italian method, with Helix aspersa in pastures. However, this method had proved its deficiency in the given environmental conditions, leading to high mortality rates. An autochthonous method was developed using H. pomatia, applied by farmers organized in a cooperative, and which have invested in their own processing factory in southern Transylvania, aiming to obtain valuable biologic products. Both the individual farmers and the cooperative were not able to sustain the losses registered during the first years, and find a market for their products, a situation that lead to the collapse of heliciculture in Romania. Despite the unfortunate experience, this new agricultural activity has the potential of a profitable practice in Romania, and especially in Transylvania, not just due to the demand of the European market, but also to the climatic conditions, which make possible the snail farming. Choosing the appropriate technology and species could allow the development of profitable businesses in the rural areas, which could serve as alternative to the exploitation of Helix pomatia natural populations.</subfield>
  </datafield>
  <datafield tag="650" ind1=" " ind2="4">
   <subfield code="a">Mezőgazdaság-tudományok</subfield>
  </datafield>
  <datafield tag="650" ind1=" " ind2="4">
   <subfield code="a">Állattenyésztési és tejtermelési tudomány</subfield>
  </datafield>
  <datafield tag="695" ind1=" " ind2=" ">
   <subfield code="a">Vidékfejlesztés - Románia - regionális, Dél-Erdély, Csigatenyésztés</subfield>
  </datafield>
  <datafield tag="700" ind1="0" ind2="1">
   <subfield code="a">Oprean Letitia</subfield>
   <subfield code="e">aut</subfield>
  </datafield>
  <datafield tag="856" ind1="4" ind2="0">
   <subfield code="u">http://acta.bibl.u-szeged.hu/55191/1/agricul_review_2012_001_suppl_249-254.pdf</subfield>
   <subfield code="z">Dokumentum-elérés </subfield>
  </datafield>
 </record>
</collection>
